Score 0/22 Timer 04:00
7 Plays Today
Hint Phrase % Correct
Equine with an unclear voicehoarse horse
90.9%
Underaged ore workerminor miner
90.2%
60 minutes belonging to usour hour
84%
Observe the oceansee sea
82.6%
Small insect's relativeant aunt
79.8%
Consumed an integerate eight
73.4%
Paddle made of mineralsore oar
72%
Expected lawn moisturedue dew
68.7%
Utilize sheepuse ewes
67.4%
A beloved forest animaldear deer
60.5%
Save a hay bundlebail bale
56.3%
Hint Phrase % Correct
Main city's legislative buildingcapital capitol
53.4%
Bargain on boat jibssail sale
52.8%
Superior gamblerbetter bettor
44.1%
Healthy precipitationhale hail
35.9%
Strike a vegetablebeat beet
28%
Rough curriculumcoarse course
26.8%
Holding area for moneycash cache
23.6%
Curse a blockadedamn dam
22.4%
Basin-shaped plant podbowl boll
6.4%
Bubbly wine in open countrychampaign champagne
5.9%
Nautical centernaval navel
5.9%

You're not logged in!

Compare scores with friends on all Sporcle quizzes.
OR
Log In

Sporcle TV

Today on Sporcle TV


Watch our educational content, quiz creation guides, and fun videos on Sporcle TV.

Show Comments

Extras

Top Quizzes Today


Score Distribution

Paid Content

Your Account Isn't Verified!

In order to create a playlist on Sporcle, you need to verify the email address you used during registration. Go to your Sporcle Settings to finish the process.

Report this User

Report this user for behavior that violates our Community Guidelines.

Details: